• 首页
  • 本馆介绍
  • 公告通知
  • 最新文献
  • 馆藏检索
  • 电子资源
  • 读者导购
  • 参考咨询
  • 我的图书馆
  • 登录
  • 详细信息显示
  • 放入我的书架
  • 预约/预借图书
  • 作者相关作品
  • 分类相关作品
  • 丛书相关作品
  • 出版社相关作品

书目信息

  • 表格格式
  • 工作单格式
  • 卡片格式
题名:
超临界流体萃取
    
 
作者: 张镜澄
分册:  
出版信息: 北京   化学工业出版社  2000
页数: 216
开本: 20cm
丛书名: 高新技术科普丛书
单 册:
中图分类: TQ420.6
科图分类:
主题词: 化学试剂--生产 , 高纯物质--生产
电子资源:
ISBN: 7-5025-2956-X
000 00621nam0 2200217 450
001 0741144344
005 20070817112544.34
010    @a7-5025-2956-X@d¥16.00
100    @a20070817d km y0chiy0120 ea
101 0  @achi
200 1  @a超临界流体萃取@Achao lin jie liu ti cui qu@f张镜澄@Fzhang jing cheng
210    @a北京@c化学工业出版社@d2000
215    @a216@d20cm
225 2  @a高新技术科普丛书
410  0 @12001 @a高新技术科普丛书
606 0  @a化学试剂@x生产
606 0  @a高纯物质@x生产
690    @aTQ420.6@v3
701  0 @a张镜澄@Azhang jing cheng
801  0 @aCN@bPFT@c20070817
905    @a213230@dTQ420.6@en4@f1
    
    超临界流体萃取/张镜澄.-北京:化学工业出版社,2000
    216;20cm.-(高新技术科普丛书)
    
    
    ISBN 7-5025-2956-X:¥16.00
    
●
相关链接 在E读中查询图书 在五车中查询图书 在当当中查询图书 在豆瓣中查询图书


正题名:超临界流体萃取     索取号:TQ420.6/n4         预约/预借

序号 登录号 条形码 馆藏地/架位号 状态 备注
1 6600706   266007064   密集书库-生命科学系/ [索取号:TQ420.6/n4] 在馆    
唐山师范学院图书馆 欢迎您!
大连网信软件有限公司© 版权所有